| 000 | 00437 a2200145 4500 | ||
|---|---|---|---|
| 020 | _a9781426202803 | ||
| 040 | _aDLC | ||
| 082 | _a909.09767 | ||
| 100 | _aMichael Hamilton Morgan | ||
| 245 |
_aLost history _cMichael Hamilton Morgan |
||
| 260 |
_aWashington _bNational Geographic _c2007 |
||
| 300 |
_aix, 301p.; _bill.: _c24cm. |
||
| 830 | _aThe enduring legacy of muslim scientists, thinkers, and artists | ||
| 942 |
_cBK _k909.09767 MOR _2ddc |
||
| 999 |
_c11055 _d11055 |
||